Best Current Canadien NHL Players - Statistics

General Stats
  • This quiz has been taken 133 times
    78 since last reset
  • The average score is 18 of 28
Answer Stats
Position Team/Legend Hints Answer % Correct
Forward Edmonton Oilers Connor McDavid
100%
Forward Pittsburgh Penguins Sidney Crosby
99%
Forward Boston Bruins Brad Marchand
96%
Forward Toronto Maple Leafs Mitch Marner
93%
Forward Colorado Avalanche Nathan MacKinnon
91%
Forward Tampa Bay Lightning Steven Stamkos
90%
Defensemen Colorado Avalanche Cale Makar
85%
Forward Vegas Golden Knights Mark Stone
85%
Forward Tampa Bay Lightning Brayden Point
84%
Forward Boston Bruins Patrice Bergeron
82%
Forward Edmonton Oilers Ryan Nugent Hopkins
73%
Forward Toronto Maple Leafs John Tavares
72%
Forward New York Islanders Mathew Barzal
63%
Goalies Pittsburgh Penguins Tristian Jarry
63%
Goalies Philadelphia Flyers Carter Hart
61%
Forward Vegas Golden Knights Jonathan Marchessault
58%
Forward St. Louis Blues Ryan O Reilly
58%
Defensemen Vegas Golden Knights Alex Pietrangelo
57%
Defensemen Colorado Avalanche Devon Toews
55%
Forward Winnipeg Jets Mark Scheifele
55%
Defensemen Vegas Golden Knights Shea Theodore
51%
Goalies Vegas Golden Knights Adin Hill
49%
Forward Florida Panthers Jonathan Huberdeau
45%
Defensemen Winnipeg Jets Josh Morrissey
40%
Defensemen Toronto Maple Leafs Morgan Rielly
40%
Defensemen Ottawa Senators Thomas Chabot
39%
Defensemen Carolina Hurricanes Dougie Hamilton
24%
Goalies Arizona Coyotes Darcy Kuemper
16%
No matching quizzes found
Score Distribution
Percent of People with Each Score
Percentile by Number Answered
Your Score History
You have not taken this quiz since the last reset